[Event "American Continental 16th"]
[Site "San Salvador"]
[Date "2022.05.07"]
[Round "8"]
[White "Leal Escamilla, Daniel Zinedine"]
[Black "Perez, Francisco3333"]
[Result "0-1"]
[WhiteElo "1415"]
[BlackElo "1481"]
[PlyCount "112"]
[EventDate "2022.05.02"]
[EventType "swiss"]
[EventRounds "11"]
[EventCountry "ESA"]
[SourceTitle "CBM 208 Extra"]
[Source "ChessBase"]
[SourceDate "2022.07.31"]
[SourceVersion "1"]
[SourceVersionDate "2022.07.31"]
[SourceQuality "1"]

1. e4 c5 2. Nc3 d6 3. f4 Nf6 4. Nf3 Nc6 5. Bb5 Bd7 6. d3 e6 7. Bc4 Na5 8. 0-0 Nxc4 9. dxc4 Qc7 10. Qe2 Bc6 11. Nd5 Bxd5 12. cxd5 0-0-0 13. dxe6 fxe6 14. b4 cxb4 15. Nd4 d5 16. Be3 Re8 17. Nb5 Qc4 18. Qxc4+ dxc4 19. e5 Nd5 20. Nxa7+ Kb8 21. Bd4 Nc7 22. Rad1 Be7 23. Bb6 Rd8 24. Bxc7+ Kxc7 25. Nb5+ Kb6 26. Nd6 Bxd6 27. Rxd6+ Rxd6 28. exd6 Kc6 29. Rb1 Kc5 30. d7 Rd8 31. Rd1 Kc6 32. Rd4 b5 33. Kf2 Rxd7 34. Rxd7 Kxd7 35. Ke3 Kc6 36. Kd4 Kd6 37. Ke4 Kc5 38. Ke5 b3 39. axb3 cxb3 40. cxb3 Kb4 41. Kxe6 Kxb3 42. Kf7 g6 43. Kg7 Kc4 44. Kxh7 b4 45. Kxg6 b3 46. f5 b2 47. f6 b1Q+ 48. Kg7 Qb2 49. g4 Kd5 50. g5 Ke6 51. h4 Qb7+ 52. Kh6 Qf7 53. h5 Kf5 54. g6 Qxf6 55. Kh7 Qg5 56. g7 Qxh5+ 0-1